Ciudadano N. Crónicas de la diversidad
সংরক্ষণ করুন:
| প্রধান লেখক: | |
|---|---|
| সংস্থা লেখক: | |
| বিন্যাস: | পাঠ্য |
| প্রকাশিত: |
Guadalajara:
ITESO
|
| বিষয়গুলি: | |
| ট্যাগগুলো: |
ট্যাগ যুক্ত করুন
কোনো ট্যাগ নেই, প্রথমজন হিসাবে ট্যাগ করুন!
|
MARC
| LEADER | 00000 a a2200000 04500 | ||
|---|---|---|---|
| 001 | 29008 | ||
| 003 | |||
| 040 | |||
| 020 | |a 968-5087-10-5 | ||
| 090 | |a 191100 | ||
| 100 | |a Reguillo Cruz, Rossana | ||
| 110 | |a Instituto Tecnológico y de Estudios Superiores de Occidente | ||
| 245 | |a Ciudadano N. Crónicas de la diversidad | ||
| 260 | |a Guadalajara: |b ITESO | ||
| 300 | |a 194 p | ||
| 650 | |a VIDA COTIDIANA | ||
| 650 | |a CIUDADES | ||
| 650 | |a CONDICIONES DE VIDA | ||
| 650 | |a CONDICIONES ECONOMICAS | ||
| 999 | |c 11790 |d 11790 | ||



